Statistics for Name All 13 Dwarves From The Hobbit

Click here to take the quiz!

General Stats

  • This quiz has been taken 16 times
  • The average score is 9 of 13

Answer Stats

Answer% Correct
Fili
85%
Kili
85%
Balin
77%
Gloin
77%
Thorin
77%
Dwalin
69%
Bofur
62%
Bombur
62%
Oin
62%
Bifur
54%
Nori
54%
Ori
54%
Dori
46%

Score Distribution

Percentile by Number Answered

Percent of People with Each Score

Your Score History

You have not taken this quiz